| 000 | 00585nam a2200205Ia 4500 | ||
|---|---|---|---|
| 003 | OSt | ||
| 005 | 20250305113616.0 | ||
| 008 | 210210b1973 xxu||||| |||| 00| 0 eng d | ||
| 040 | _cAL | ||
| 041 | _ahin | ||
| 082 | _aH891.3 KULP | ||
| 100 |
_aKULSHRI (Mahendra) _9204163 |
||
| 110 |
_bकुलश्री महिंद्रा _9204164 |
||
| 245 |
_aPanchtantr ki kahaniyan-1: _bपंचतंत्र की कहानियाँ |
||
| 260 |
_aDilli _bShiksha Bharati _c1973 |
||
| 300 | _a46 | ||
| 690 |
_aHindi Fiction _9204165 |
||
| 906 | _a029977 | ||
| 942 |
_2ddc _cBK |
||
| 999 |
_c81174 _d81174 |
||